Eastern Utah Libraries Catalog: Duchesne, Heber, Roosevelt, & Vernal

Choose your own adventure: heroes and monsters. (Record no. 414786)

MARC details
000 -LEADER
fixed length control field 03453nam a2200661 i 4500
001 - CONTROL NUMBER
control field 1375229726
003 - CONTROL NUMBER IDENTIFIER
control field OCoLC
005 - DATE AND TIME OF LATEST TRANSACTION
control field 20251231174131.0
007 - PHYSICAL DESCRIPTION FIXED FIELD--GENERAL INFORMATION
fixed length control field t||
008 - FIXED-LENGTH DATA ELEMENTS--GENERAL INFORMATION
fixed length control field 230407s2023 nyua c 000 1 eng d
020 ## - INTERNATIONAL STANDARD BOOK NUMBER
International Standard Book Number 9780593644744
Qualifying information paperback
020 ## - INTERNATIONAL STANDARD BOOK NUMBER
International Standard Book Number 0593644743
Qualifying information paperback
035 ## - SYSTEM CONTROL NUMBER
System control number (OCoLC)1375229726
040 ## - CATALOGING SOURCE
Original cataloging agency IG$
Language of cataloging eng
Description conventions rda
Transcribing agency IG$
Modifying agency TnLvILS
092 ## - LOCALLY ASSIGNED DEWEY CALL NUMBER (OCLC)
Classification number junior fiction
Item number Tahir
100 1# - MAIN ENTRY--PERSONAL NAME
Personal name Tahir, Rana,
Relator term author.
Relator code aut.
9 (RLIN) 6558453
245 10 - TITLE STATEMENT
Title Choose your own adventure: heroes and monsters.
Name of part/section of a work Netflix Stranger Things /
Statement of responsibility, etc Rana Tahir ; illustrated by Patrick Spaziante and Katherine Spaziante..
246 30 - VARYING FORM OF TITLE
Title proper/short title Netflix Stranger Things.
246 30 - VARYING FORM OF TITLE
Title proper/short title Stranger Things.
246 30 - VARYING FORM OF TITLE
Title proper/short title Choose your own adventure :
Remainder of title Heroes and monsters.
246 30 - VARYING FORM OF TITLE
Title proper/short title Stranger Things :
Remainder of title Heroes and Monsters (Choose Your Own Adventure)
246 30 - VARYING FORM OF TITLE
Title proper/short title Netflix Stranger Things :
Remainder of title Choose your own adventure: heroes and monsters.
250 ## - EDITION STATEMENT
Edition statement First edition.
264 #1 - Production, Publication, Distribution, Manufacture, and Copyright Notice.
Place of production, publication, distribution, manufacture New York :
Name of producer, publisher, distributor, manufacturer Random House Children's Books,
Date of production, publication, distribution, manufacture, or copyr 2023.
300 ## - PHYSICAL DESCRIPTION
Extent 297 pages :
Other physical details illustrations ;
Dimensions 21 cm.
336 ## - Content Type
Content type term text
336 ## - Content Type
Content type term still image
337 ## - Media type
Media type term unmediated
338 ## - Carrier type
Carrier type term volume
490 1# - SERIES STATEMENT
Series statement Choose your own adventure.
500 ## - GENERAL NOTE
General note "Chooseco, Waitsfield, Vermont"-- Title page verso.
500 ## - GENERAL NOTE
General note "Choose from over 25 possible endings!"-- Cover.
500 ## - GENERAL NOTE
General note Media tie-in.
520 ## - SUMMARY, ETC.
Summary, etc "A thrilling Choose Your Own Adventure(R) book based on Netflix's Stranger Things! Are YOU ready to journey to the dark side of Hawkins, Indiana? Join Eleven, Dustin, Max, Lucas, and their friends as they explore Pennhurst Asylum, the creepy old Creel house, and possibly even the Upside Down. The decisions YOU make will decide the fates of the characters and lead to unexpected, thrilling, and even deadly outcomes. Fans of Netflix's hit show Stranger Things will love this exciting addition to the Choose Your Own Adventure(R) series. In Netflix's Stranger Things, a group of young friends explore supernatural forces and secret government exploits in Hawkins, Indiana, in the 1980s. As they search for answers, the children embark on incredible adventures and unravel extraordinary mysteries." --
630 00 - SUBJECT ADDED ENTRY--UNIFORM TITLE
Uniform title Stranger things (Television program)
9 (RLIN) 5774406
630 01 - SUBJECT ADDED ENTRY--UNIFORM TITLE
Uniform title Stranger things (Television program)
9 (RLIN) 5774406
650 #0 - SUBJECT ADDED ENTRY--TOPICAL TERM
Topical term or geographic name as entry element Decision making
Form subdivision Juvenile fiction.
9 (RLIN) 5718026
650 #0 - SUBJECT ADDED ENTRY--TOPICAL TERM
Topical term or geographic name as entry element Plot-your-own stories.
650 #0 - SUBJECT ADDED ENTRY--TOPICAL TERM
Topical term or geographic name as entry element Friendship
Form subdivision Juvenile fiction.
9 (RLIN) 5673647
650 #0 - SUBJECT ADDED ENTRY--TOPICAL TERM
Topical term or geographic name as entry element Paranormal fiction.
650 #0 - SUBJECT ADDED ENTRY--TOPICAL TERM
Topical term or geographic name as entry element Teenagers
Form subdivision Juvenile fiction.
9 (RLIN) 5686730
650 #0 - SUBJECT ADDED ENTRY--TOPICAL TERM
Topical term or geographic name as entry element Scientists
Form subdivision Juvenile fiction.
9 (RLIN) 5680203
650 #0 - SUBJECT ADDED ENTRY--TOPICAL TERM
Topical term or geographic name as entry element Nineteen eighties
Form subdivision Juvenile fiction.
9 (RLIN) 6558454
650 #0 - SUBJECT ADDED ENTRY--TOPICAL TERM
Topical term or geographic name as entry element Characters and characteristics on television
Form subdivision Juvenile fiction.
9 (RLIN) 6558455
650 #1 - SUBJECT ADDED ENTRY--TOPICAL TERM
Topical term or geographic name as entry element Decision making
Form subdivision Fiction.
9 (RLIN) 5685462
650 #1 - SUBJECT ADDED ENTRY--TOPICAL TERM
Topical term or geographic name as entry element Friendship
Form subdivision Fiction.
9 (RLIN) 5673769
650 #1 - SUBJECT ADDED ENTRY--TOPICAL TERM
Topical term or geographic name as entry element Teenagers
Form subdivision Fiction.
9 (RLIN) 5673851
650 #1 - SUBJECT ADDED ENTRY--TOPICAL TERM
Topical term or geographic name as entry element Scientists
Form subdivision Fiction.
9 (RLIN) 5674672
650 #1 - SUBJECT ADDED ENTRY--TOPICAL TERM
Topical term or geographic name as entry element Nineteen eighties
Form subdivision Fiction.
9 (RLIN) 6390190
651 #0 - SUBJECT ADDED ENTRY--GEOGRAPHIC NAME
Geographic name Indiana
Form subdivision Juvenile fiction.
9 (RLIN) 5686576
655 #7 - INDEX TERM--GENRE/FORM
Genre/form data or focus term Choose-your-own stories.
Source of term lcgft.
655 #7 - INDEX TERM--GENRE/FORM
Genre/form data or focus term Science fiction.
Source of term lcgft.
655 #7 - INDEX TERM--GENRE/FORM
Genre/form data or focus term Horror fiction.
Source of term lcgft.
700 1# - ADDED ENTRY--PERSONAL NAME
Personal name Spaziante, Patrick,
Relator term illustrator.
9 (RLIN) 5674191
700 1# - ADDED ENTRY--PERSONAL NAME
Personal name Spaziante, Katherine,
Relator term illustrator.
9 (RLIN) 6558456
830 #0 - SERIES ADDED ENTRY--UNIFORM TITLE
Uniform title Choose your own adventure.
9 (RLIN) 1067
942 ## - ADDED ENTRY ELEMENTS (KOHA)
Source of classification or shelving scheme Dewey Decimal Classification
Koha item type BOOK
Holdings
Withdrawn status Lost status Source of classification or shelving scheme Damaged status Not for loan Collection code Home library Current library Shelving location Date acquired Source of acquisition Total Checkouts Total Renewals Full call number Barcode Checked out Date last seen Date checked out Cost, replacement price Price effective from Koha item type
    Dewey Decimal Classification     Junior Fiction Wasatch County Library Wasatch County Library Main Floor Junior Area 12/31/2025 Libraria 1 2 J Choose 34301002176123 03/09/2026 01/10/2026 01/10/2026 24.95 12/31/2025 BOOK
This project was made possible through a grant from the Institute of Museum and Library Service administered by the Utah State Library Division.

Wasatch County Library

  • 465 East 1200 South, Heber City, Utah 84032
  • Phone 435-654-1511 | Fax 435-654-6456

Hours

  • Monday - Friday 9:30 AM - 8:00 PM
  • Saturday 9:30 AM - 1:30 PM
  • Closed Sundays and Holidays